000 02003cam a2200373Ia 4500
001 96975
005 20230410130713.0
008 080125s2004 ve a 100 0 spa d
035 _a(OCoLC)ocn191223142
040 _aBID
_cBID
_dFXG
_dCUY
035 _a(OCoLC)191223142
043 _acl-----
050 1 4 _aPN 4756
_bS471e 2004
082 0 0 _a070.98
049 _aGRAL
111 2 _aSeminario Ética, Calidad y Empresa Periodística en América Latina (
_d2003 :
_cMonterrey)
245 1 0 _aEtica, calidad y empresa periodística en América Latina :
_bmemorias del seminario realizado en Monterrey, Nuevo León, México 1-2 septiembre de 2003 /
_cFundación Nuevo Periodismo Iberoamericano.
260 _aCaracas, Venezuela :
_bFundación Nuevo Periodismo Iberoamericano (FNPI) :
_bCorporación Andina de Fomento (CAF),
_c[2004]
300 _a119 p. :
_bill. ;
_c21 cm .
440 0 _aColección Periodistas siglo XXI : espacios para el debate creador
500 _a"El material de este libro fue compilado y editado por la Fundación Nuevo Periodismo Iberoamericano (FNPI) y es producto de las ponencias, reflexiones y deliberaciones emanadas del seminario realizado en Monterrey, Nuevo León, México, los días 1 y 2 de septiembre de 2003. El evento fue organizado en forma conjunta por la Corporación Andina de Fomento (CAF) y la FNPI y contó con el apoyo de CEMEX y del Programa Latinoamericano de Medios de la Fundación Friedrich Ebert"--T.p. verso.
500 _a"Agosto de 2004"--T.p. verso.
530 _aAlso issued online.
650 0 _aJournalistic ethics.
650 0 _aJournalistic ethics
_zLatin America
_vCongresses.
650 4 _aEtica periodística.
650 4 _aPeriodistas
_zAmérica Latina
_vCongresos, conferencias, etc.
710 2 _aFundación Nuevo Periodismo Iberoamericano.
710 2 _aCorporación Andina de Fomento.
856 4 _ahttp://www.caf.com/view/index.asp?pageMS=40298&ms=17
942 _2lcc
_cbk
946 _amjcruz
994 _aC0
_bDRFGD
999 _c78840
_d78840